Estudio de Opinión Pública Unimer RI - La Nación setiembre de 1993: efectuada del 16 al 30 de agosto /

Збережено в:
Бібліографічні деталі
Автор: Mendiola T, Haydée
Співавтор: Unimer Research International
Інші автори: Paniagua, Carlos G.
Формат: Текст
Опубліковано: San José: Unimer
Теги: Додати тег
Немає тегів, Будьте першим, хто поставить тег для цього запису!

MARC

LEADER 00000 a a2200000 04500
001 27605
003
040
090 |a 185803  |b ENCUESTA  
100 |a Mendiola T, Haydée  
110 |a Unimer Research International  
245 |a Estudio de Opinión Pública Unimer RI - La Nación setiembre de 1993: efectuada del 16 al 30 de agosto /  |c Haydée Mendiola T. 
260 |a San José:   |b Unimer  
300 |a 50 p. y s.p   |b **no definido**   |b fonodiscos  
700 |a Paniagua, Carlos G.  
999 |c 5759  |d 5759